Affiches de films minimalistes (2) - Statistiques

Statistiques générales
  • Ce quiz a été pris 485 fois
  • Le résultat moyen est 8 sur 20
Statistiques - réponses
Par images Réponse % Correct
Oppenheimer
83%
Men in black
72%
kill Bill
71%
La belle et le clochard
71%
Rocky
70%
Orange mécanique
61%
Seul au monde
61%
Whiplash
54%
Inception
44%
Usual suspects
31%
Reservoir dogs
29%
Le cinquième élément
28%
Ghostbuster
25%
Sleepy hollow
24%
Thelma et Louise
24%
Las Vegas parano
22%
Old boy
21%
Irreversible
11%
Avatar
7%
Le Péril jeune
1%
Aucun quiz correspondant
Distribution des résultats
% des personnes avec chaque résultat
Percentile par nombre de réponses
Votre historique - résultats
Vous n’avez pas pris ce quiz